|
|
|
|
| LEADER |
00000naa a2200000 a 4500 |
| 001 |
vtls011854669 |
| 003 |
SK-MaSNL |
| 005 |
20260302133134.0 |
| 008 |
210910|2012 xo |||||||||||||||||eng| |
| 015 |
|
|
|a SNBCL
|
| 035 |
|
|
|a (urnnbn)urn:nbn:sk:snk:ar-a0az57
|
| 035 |
|
|
|a urn:nbn:sk:snk-aaw8tv
|
| 035 |
|
|
|a (uuid)59af2bf7-5348-407b-ad9b-7294870bf05f
|
| 040 |
|
|
|a SNKBUCL
|b slo
|c SNKBUCL
|e AACR2
|
| 041 |
|
|
|a eng
|
| 044 |
|
|
|a xo
|c SK
|
| 100 |
1 |
|
|a Pagáčová, J.
|4 aut
|9 787359
|
| 245 |
1 |
4 |
|a The Influence of Acetylacetone on Thermal Properties of TiO2 Xerogels
|c J. Pagáčová, I. Papučová, A. Plško
|
| 336 |
|
|
|a text
|b txt
|c rdacontent
|
| 337 |
|
|
|a bez média
|b n
|c rdamedia
|
| 338 |
|
|
|a zväzok
|b nc
|c rdacarrier
|
| 655 |
|
7 |
|a články zo zborníkov
|2 snkbucl
|9 166140
|
| 700 |
1 |
|
|a Plško, A.
|4 aut
|9 785297
|
| 700 |
1 |
|
|a Papučová, I.
|4 aut
|9 819372
|
| 773 |
0 |
|
|t Machine Modeling and Simulations 2011
|d In Trenčín : Faculty of Industrial Technologies University of Alexander Dubček ; In Púchov : Faculty of Industrial Technologies, 2012
|g S. 409-414
|z 9788080754945
|
| 958 |
|
|
|a OND
|
| 958 |
|
|
|a article26
|
| 958 |
|
|
|a chapter
|
| 999 |
|
|
|c 1315513
|d 1317443
|